| 000 | 00500nam a2200169Ia 4500 | ||
|---|---|---|---|
| 999 |
_c1667 _d1667 |
||
| 003 | OSt | ||
| 005 | 20200923150350.0 | ||
| 008 | 190216s9999||||xx |||||||||||||| ||und|| | ||
| 040 | _coclc | ||
| 082 |
_a576 _bABR/T |
||
| 100 |
_aAbraham, P C _94902 |
||
| 245 | 0 |
_aThallophyta, Microbiology And Plant Pathology / _cP C Abraham |
|
| 260 |
_bSt Marys Press And Book Depot, _aChanganassery: _c1998. |
||
| 300 | _a555p | ||
| 650 | _aBotany | ||
| 942 |
_cBK _2ddc _h576 _iABR/T _k576 _mABR/T |
||